000 00292nam a2200109Ia 4500
008 190216s9999||||xx |||||||||||||| ||und||
100 _aNihal Chand
245 0 _aCompetition Success Review Examination Techniques
260 _bCompetition Success Review
650 _aReferences
942 _cREF
999 _c35657
_d35657